| 000 | 00780nam a2200289 a 4500 | ||
|---|---|---|---|
| 003 | AR-BaBNM | ||
| 005 | 20251128204416.0 | ||
| 008 | 082120s2002 ||||||||||||||000 | spa|| | ||
| 020 | _a950-25-1703-2 | ||
| 040 | _cAR-BaBNM | ||
| 100 | 1 | _aMontes, Graciela | |
| 245 | 0 | 0 |
_aHércules el forzudo _bmitología griega |
| 260 |
_aBuenos Aires _bCentro Editor de América Latina _c1993 |
||
| 300 |
_a28 p. _bil. |
||
| 490 | 0 |
_aLos libritos del Centro Editor. Serie Verde _vv. 3 |
|
| 650 | 4 | _aCUENTO INFANTIL | |
| 650 | 4 | _aMITOLOGIA | |
| 650 | 4 | _aLITERATURA INFANTIL | |
| 650 | 4 | _aCULTURA | |
| 650 | 4 | _aHUMANIDADES | |
| 651 | 4 | _aGrecia | |
| 653 | _aADAPTACIONES LITERARIAS | ||
| 655 | _aLITERATURA | ||
| 700 | 1 |
_aRojas, Oscar _eilustrador |
|
| 942 | _cBK | ||
| 998 | _cisola | ||
| 999 |
_c7344 _d7344 |
||